00806nam a2200265 a 4500001001300000003000900013005001700022008004100039020002300080082001500103100002500118245003300143260003600176300000900212500003500221505005500256650002200311650002600333650003000359700002500389902000800414942000700422952009600429999001500525nice12345678IN_TiNIC20260116012841.0050524s1990 dela grp 000 0 eng  a8171690963 c22000a305.6bJAV aJaved, Arifa Kulsoom aMuslim Society in Transition aDelhi bCommenwealth Pub c1990 a200p aincludes index and biblioraphy2 aNot Returned By Wisconsin University Student Kathy aMuslims-Hyderabad aMuslims-Social Change aHyderabad-Muslim Communit1 aJaved, Arifa Kulsoom bSRS cBK 00114070aHMIbHMId2009-01-29g220.00l0o305.6 JAVp014679r2009-01-29w2026-01-16yBK c8636d8636